Situación de los Derechos Humanos en Chile: informe anual 2016
Сохранить в:
| Соавтор: | |
|---|---|
| Формат: | |
| Язык: | испанский |
| Опубликовано: |
Santiago
Instituto Nacional de Derechos Humanos
2016
|
| Редактирование: | 1a. ed |
| Предметы: | |
| Метки: |
Добавить метку
Нет меток, Требуется 1-ая метка записи!
|
MARC
| LEADER | 00000cam a2200000 a 4500 | ||
|---|---|---|---|
| 001 | UCC1225 | ||
| 003 | CL-VaPUC | ||
| 008 | 171013e20160000cl |||||||||||||||||spa|d | ||
| 020 | |a 9789569025860 | ||
| 082 | 0 | 4 | |a 323.4083 |b INS |2 21 |
| 110 | 2 | |a Instituto Nacional de Derechos Humanos |e author |9 595272 | |
| 245 | 1 | 0 | |a Situación de los Derechos Humanos en Chile: informe anual 2016 |
| 250 | |a 1a. ed | ||
| 300 | |a 317 p | ||
| 942 | |c BK | ||
| 945 | |d 20171013 12:11:00 |a dcastane | ||
| 260 | |a Santiago |b Instituto Nacional de Derechos Humanos |c 2016 | ||
| 650 | 0 | |a Derechos humanos |9 223025 | |
| 650 | 0 | |a Política y gobierno |9 255151 | |
| 650 | 0 | |a Derechos fundamentales |9 254841 | |
| 583 | |a last modification |c 20171013 12:11:00 |k Rodrigo Vera | ||
| 999 | |c 369790 |d 369788 | ||
| 952 | |0 0 |1 0 |3 erb |4 0 |6 323_408300000000000_INS_2016 |7 0 |8 A |9 485914 |a BIBDER |b BIBDER |i 5429110 |o 323.4083 INS 2016 |p 5429110 |r 2023-01-25 |w 2019-11-24 |y BK |z Catalogado en:20171013 |k DER | ||